Score 0/16 Timer 02:00
48 Plays Today
% Correct
Spain
98%
Sweden
96.7%
Switzerland
91.4%
Slovakia
88.1%
Austria
88%
Russia
87.5%
Serbia
85.6%
Belarus
84.5%
% Correct
Estonia
84.3%
Bosnia and Herzegovina
84.2%
Slovenia
83.7%
Netherlands
82%
San Marino
70.8%
Cyprus
69.4%
Kosovo
66.7%
Liechtenstein
58%

You're not logged in!

Compare scores with friends on all Sporcle quizzes.
OR
Log In

Sporcle TV

Today on Sporcle TV


Watch our educational content, quiz creation guides, and fun videos on Sporcle TV.

Show Comments

Extras

Top Quizzes Today


Score Distribution

Paid Content

Your Account Isn't Verified!

In order to create a playlist on Sporcle, you need to verify the email address you used during registration. Go to your Sporcle Settings to finish the process.

Report this User

Report this user for behavior that violates our Community Guidelines.

Details: